Spilled Water : Institutional Commitment in the Provision of Water Services /

Estudio regional acerca de los problemas con el suministro de agua potable en América Latina. Con capítulos dedicados específicamente a los casos de Argentina, Chile, Honduras, México y Perú, los editores de la obra intentan demostrar que las dificultades latinoamericanas en este renglón no obedecen...

وصف كامل

محفوظ في:
التفاصيل البيبلوغرافية
المؤلف الرئيسي: Spiller, Pablo T. (ed.)
مؤلفون آخرون: Savedoff, William D. (edición) (edición)
التنسيق: كتاب
اللغة:الإنجليزية
منشور في: Washington, EUA : Banco Interamericano de Desarrollo, 1999, c1999
سلاسل:(Economic Development)
الموضوعات:
الوسوم: إضافة وسم
لا توجد وسوم, كن أول من يضع وسما على هذه التسجيلة!

MARC

LEADER 00000nam^a2200000^a^4500
001 000142956
005 20250521000000.0
009 20260310095707.332
020 |a 1-886938-61-X 
037 |a Acervo ITESO - Biblioteca 
041 |a ING 
082 |a 333. 9100980  |b SPI 
100 |a Spiller, Pablo T.  |e (ed.) 
245 1 0 |a Spilled Water :  |b Institutional Commitment in the Provision of Water Services /  |c Ed. de P.T. Spiller, W.D. Savedoff. 
264 4 |a Washington, EUA :  |b Banco Interamericano de Desarrollo,  |c 1999, c1999 
300 |a VI, 248 p. 
336 |a texto  |b txt  |2 rdacontenido 
337 |a sin mediación  |b n  |2 rdamedio 
338 |a volumen  |b nc  |2 rdasoporte 
440 1 |a (Economic Development) 
520 |a Estudio regional acerca de los problemas con el suministro de agua potable en América Latina. Con capítulos dedicados específicamente a los casos de Argentina, Chile, Honduras, México y Perú, los editores de la obra intentan demostrar que las dificultades latinoamericanas en este renglón no obedecen a carencias de capital, capacitación o recursos humanos, sino a una economía política que favorece el oportunismo gubernamental y la ineficiencia de las empresas públicas. 
649 |a XX 
650 |a Agua -  |x Abastecimiento -  |z México 
650 |a Agua -  |x Abastecimiento -  |z Argentina 
650 |a Agua -  |x Abastecimiento -  |z Chile 
650 |a Agua -  |x Abastecimiento -  |z Honduras 
650 |a Agua -  |x Abastecimiento -  |z Perú 
650 |a Servicios Públicos -  |z Latinoamérica 
650 |a Privatización -  |z Latinoamérica 
650 |a Centralización y Descentralización -  |z Latinoamérica 
650 |a Desarrollo Económico-Social -  |z Latinoamérica 
650 |a Economía -  |z Latinoamérica 
650 |a Agua Potable 
700 |a Savedoff, William D.  |e (edición) 
910 |a Fondo General 
920 |a Impresos - Libros 
930 |a Colección General 
905 |a 101 
901 |a 0500071532  |b IT1  |c ACC  |u 20250521 
902 |a https://opac.biblio.iteso.mx/vufind/Record/000142956